| 000 | 00562nam a2200157 a 4500 | ||
|---|---|---|---|
| 008 | 120416s1992 ||||||||||||||||| || u | ||
| 020 | _a0198538138 | ||
| 050 | _aQA 76.9.A43 Meg | ||
| 100 | _aMegson, G. M | ||
| 245 | 1 | 3 | _aAn introduction to systolic algorithm design |
| 260 |
_aOxford: _bClarendon _c1992 |
||
| 350 | _a0.00 | ||
| 650 | _aCOMPUTER ALGORITHMS | ||
| 650 | _aSYSTOLIC ARRAY CIRCUITS | ||
| 995 |
_D0.00 _FCBU-MAIN LIBRARY (Kitwe) _H1 _I45.00 _M1 _UAVAILABLE _ZMain Library Open Access Collection |
||
| 999 |
_c48026 _d48026 |
||